000 00710nam a2200289Ia 4500
005 20260324144903.0
008 008 260324s9999 xx 000 0 eng d
020 _a9780429303807
037 _aEBOOK
040 _aCRL
040 _beng
040 _cCRL
041 _2eng
041 _aeng
084 _qCRL
100 _aG. Shabbir Cheema; G Shabbir Cheema
_91220978
245 0 _aReaching The Urban Poor
245 0 _bProject Implementation In Developing Countries
260 _bTaylor and Francis
260 _c1986
365 _a
365 _b230
856 _uhttp://www.taylorfrancis.com/books/9780429303807
942 _cEBOOK
999 _c1828158
_d1828158